| 000 | 00000nam##2200000za#4500 |
| 001 | 9.574198 |
| 003 | CaOODSP |
| 005 | 20230501141950 |
| 007 | cr ||||||||||| |
| 008 | 150406|2005||||xxc|||||o f|0| 0 eng|d |
| 022 | |a1488-5379 |
| 040 | |aCaOODSP|beng |
| 043 | |an-cn--- |
| 086 | 1 |aFs97-6/2613E-PDF |
| 110 | 2 |aMaurice Lamontagne Institute. |
| 245 | 10|aDistribution and abundance of harbour seals (Phoco vitulina concolor) and grey seals (Halichoerus grypus) in the Estuary and Gulf of St. Lawrence, 1994-2001 / |h[electronic resource]|cby A. Robillard, V. Lesage, and M.O. Hammill. |
| 260 | |aMont-Joli - Quebec : |bFisheries and Oceans Canada. |cc2005. |
| 300 | |a164p.|bgraphs, maps (some coloured), references, tables |
| 490 | 1 |aCanadian technical report of fisheries and aquatic sciences|x1488-5379|vNo. 2613 |
| 500 | |aThe catalogue number (Fs97-6/2613E) and ISSN (0706-6457) for the print edition have been incorrectly copied in this electronic publication. |
| 546 | |a(Résumé en français) |
| 590 | |a12-23-Supp|b2012-05-28 |
| 720 | 1 |aLesage, V. |
| 720 | 1 |aRobillard, A. |
| 720 | 1 |aHammill, M. O. |
| 776 | 0#|tDistribution and abundance of harbour seals (Phoca vitulina concolor) and grey seals (Halichoerus grypus) in the Estuary and Gulf of St. Lawrence, 1994-2001 / |w(CaOODSP)9.617619 |
| 830 | #0|aCanadian technical report of fisheries and aquatic sciences,|x1488-5379|vNo. 2613|w(CaOODSP)9.504449 |
| 856 | 40|ahttp://publications.gc.ca|qPDF|s5.72 MB|uhttps://publications.gc.ca/collections/collection_2012/mpo-dfo/Fs97-6-2613-eng.pdf|yNo. 2613 |